| 000 -ლიდერი |
| ფიქსირებული სიგრძის საკონტროლო ველი |
00869nam a2200229Ia 4500 |
| 001 - საკონტროლო ნომერი |
| საკონტროლო ველი |
8285 |
| 003 - საკონტროლო ნომრის იდენტიფიკატორი |
| საკონტროლო ველი |
GE_BSU |
| 005 - ბოლო ოპერაციის თარიღი და დრო |
| საკონტროლო ველი |
20240419112014.0 |
| 008 - ფიქსირებული სიგრძის მონაცემთა ელემენტები - ზოგადი ინფორმაცია |
| ფიქსირებული სიგრძის საკონტროლო ველი |
181216s2013||||ge |||||||||||||| ||geo|| |
| 020 ## - წიგნის საერთაშორისო სტანდარტული ნომერი |
| International Standard Book Number |
9789941931550 |
| 040 ## - კატალოგიზაციის წყარო |
| Transcribing agency |
GE_BSU |
| 041 ## - ენის კოდი |
| Language code of text/sound track or separate title |
geo |
| 080 ## - უნივერსალური ათობითი კლასიფიკაციის ინდექსი |
| Universal Decimal Classification number |
94(479.223)(092) ს–96 |
| 100 ## - მთავარი ჩანაწერი - პიროვნების სახელი |
| Personal name |
სურგულაძე, აბელ |
| 9 (RLIN) |
21880 |
| 245 ## - ცნობა სათაურის შესახებ |
| Title |
სელიმ ხიმშიაშვილი=Selim Khimshiashvili / |
| Statement of responsibility, etc |
აბელ სურგულაძე, რამაზ სურმანიძე. |
| 264 ## - წარმოების, გამოცემის, დისტრიბუციის და სხვა ცნობები |
| გამოცემის, წარმოების, დისტრიბუციის... ადგილი |
თბილისი : |
| გამოცემის, წარმოების, დისტრიბუციის... სახელწოდება |
[გ.გ], |
| გამოცემის, წარმოების, დისტრიბუციის... თარიღი |
2013. |
| 300 ## - ფიზიკური აღწერა |
| Extent |
228 გვ. : |
| Other physical details |
ილ.; |
| Dimensions |
21 სმ. |
| 500 ## - ზოგადი შენიშვნა |
| General note |
საძიებ. : გვ. 216 |
| 653 ## - INDEX TERM--UNCONTROLLED |
| Uncontrolled term |
სელიმ ხიმშიაშვილი |
| 700 ## - ADDED ENTRY--PERSONAL NAME |
| Personal name |
სურმანიძე, რამაზ |
| Relator term |
ავტორი |
| 9 (RLIN) |
21881 |
| 942 ## - ADDED ENTRY ELEMENTS (KOHA) |
| Koha item type |
წიგნი |
| Source of classification or shelving scheme |
|